البحر الاحمر و المحاولات البرتغالية الاولى للسيطرة عليه : (رقم التسجيلة. 109840)
[ عرض عادي ]
| 000 -LEADER | |
|---|---|
| fixed length control field | 02096nam a2200373 a 4500 |
| 003 - CONTROL NUMBER IDENTIFIER | |
| control field | EG-GiCUC |
| 008 - FIXED-LENGTH DATA ELEMENTS--GENERAL INFORMATION | |
| fixed length control field | 090415s1980 ua a f 000 0 ara d |
| 017 ## - COPYRIGHT OR LEGAL DEPOSIT NUMBER | |
| Copyright or legal deposit number | 79/490 |
| Assigning agency | مصر.دار الكتب |
| 020 ## - INTERNATIONAL STANDARD BOOK NUMBER | |
| International Standard Book Number | 9772017814 |
| 040 ## - CATALOGING SOURCE | |
| Original cataloging agency | EG-GiCUC |
| Language of cataloging | ara |
| Transcribing agency | EG-GiCUC |
| 041 ## - LANGUAGE CODE | |
| Language code of text/sound track or separate title | ara |
| Language code of original | eng |
| 043 ## - GEOGRAPHIC AREA CODE | |
| Geographic area code | mr----- |
| 092 04 - LOCALLY ASSIGNED DEWEY CALL NUMBER (OCLC) | |
| Classification number | 909.09653 |
| Item number | M2354 |
| Edition number | 21 |
| 099 ## - LOCAL FREE-TEXT CALL NUMBER (OCLC) | |
| Classification number | 04 |
| -- | 909.09653 M2354 |
| 100 1# - MAIN ENTRY--PERSONAL NAME | |
| Personal name | ابو مخرمة : الطيب بن عبدالله : |
| Dates associated with a name | 1465-1540 |
| 245 12 - TITLE STATEMENT | |
| Title | البحر الاحمر و المحاولات البرتغالية الاولى للسيطرة عليه : |
| Remainder of title | نصوص جديدة مستخلصة من مشاهدات المؤرخ اليمنى بامخرمة كما سجلها فى مخطوط قلادة النحر/ |
| Statement of responsibility, etc. | دراسة وتحقيق محمد عبد العال احمد |
| 246 02 - VARYING FORM OF TITLE | |
| Title proper/short title | قلادة النحر فى وفيات أعيان الدهر |
| 246 30 - VARYING FORM OF TITLE | |
| Title proper/short title | نصوص جديدة مستخلصة من مشاهدات المؤرخ اليمنى بامخرمة كما سجلها فى مخطوط قلادة النحر |
| 260 ## - PUBLICATION, DISTRIBUTION, ETC. | |
| Place of publication, distribution, etc. | الإسكندرية: [مصر] : |
| Name of publisher, distributor, etc. | الهيئة المصرية العامة للكتاب : |
| Date of publication, distribution, etc. | 1980 |
| 300 ## - PHYSICAL DESCRIPTION | |
| Extent | 280 ص ؛ |
| Dimensions | 30سم |
| 500 ## - GENERAL NOTE | |
| General note | يتضمن كشافات |
| 504 ## - BIBLIOGRAPHY, ETC. NOTE | |
| Bibliography, etc. note | يشتمل على ارجاعات ببليوجرافية(ص : 748-777) |
| 600 10 - SUBJECT ADDED ENTRY--PERSONAL NAME | |
| Personal name | ابو مخرمة : الطيب بن عبدالله: |
| Dates associated with a name | 1465-1540 |
| Title of a work | قلادة النحر فى وفيات أعيان الدهر |
| 651 #7 - SUBJECT ADDED ENTRY--GEOGRAPHIC NAME | |
| Geographic name | البحر الأحمر (منطقة) |
| General subdivision | تاريخ |
| Source of heading or term | qrmak |
| 651 #7 - SUBJECT ADDED ENTRY--GEOGRAPHIC NAME | |
| Geographic name | البرتغال |
| General subdivision | العلاقات الخارجية |
| Geographic subdivision | العالم العربى |
| Source of heading or term | qrmak |
| 651 #7 - SUBJECT ADDED ENTRY--GEOGRAPHIC NAME | |
| Geographic name | العالم العربى |
| General subdivision | العلاقات الخارجية |
| Geographic subdivision | البرتغال |
| Source of heading or term | qrmak |
| 700 1# - ADDED ENTRY--PERSONAL NAME | |
| Personal name | احمد: محمد عبد العال |
| 902 ## - LOCAL DATA ELEMENT B, LDB (RLIN) | |
| No. of Items | 4 |
| 905 ## - LOCAL DATA ELEMENT E, LDE (RLIN) | |
| Cataloger | |
| Reviser | مراجع |
| 905 ## - LOCAL DATA ELEMENT E, LDE (RLIN) | |
| Cataloger | جيهان شعراوى |
| Reviser | مدخل |
| 942 ## - ADDED ENTRY ELEMENTS (KOHA) | |
| Source of classification or shelving scheme | Dewey Decimal Classification |
| Koha item type | Books |
| Source of classification or shelving scheme | Not for loan | Home library | Current library | Date acquired | Full call number | Barcode | Date last seen | Koha item type | Copy number |
|---|---|---|---|---|---|---|---|---|---|
| Dewey Decimal Classification | المكتبة المركزبة الجديدة - جامعة القاهرة | قاعة الانسانيات - الدور الثاني | 11.02.2024 | 909.09653 M2354 | 01000100080190000 | 23.09.2023 | Books | C.1 | |
| Dewey Decimal Classification | المكتبة المركزبة الجديدة - جامعة القاهرة | قاعة الانسانيات - الدور الثاني | 11.02.2024 | 909.09653 M2354 | 01000100080191000 | 23.09.2023 | Books | C.2 | |
| Dewey Decimal Classification | المكتبة المركزبة الجديدة - جامعة القاهرة | قاعة المكتبات المهداة - الدور الرابع | 11.02.2024 | 909.09653 M2354 c.2 H.R. | 01000100162764000 | 23.06.2024 | Books | ||
| Dewey Decimal Classification | المكتبة المركزبة الجديدة - جامعة القاهرة | قاعة المكتبات المهداة - الدور الرابع | 11.02.2024 | 909.09653 M2354 H.R. | 01000100159184000 | 23.06.2024 | Books |